| 000 | 02401cam a22003854a 4500 | ||
|---|---|---|---|
| 001 | 14414940 | ||
| 005 | 20170105102918.0 | ||
| 008 | 060615s2006 nyuab b 001 0 eng | ||
| 010 | _a 2006048347 | ||
| 020 | _a0312360231 | ||
| 020 | _a9780312360238 | ||
| 035 | _a(OCoLC)ocm70335397 | ||
| 035 | _a(OCoLC)70335397 | ||
| 040 |
_aDLC _cDLC _dBAKER _dC#P _dBUR _dIXA _dYUS _dYDXCP _dVP@ _dDLC |
||
| 042 | _apcc | ||
| 043 | _an-us--- | ||
| 050 | 0 | 0 |
_aJK468.I6 _bG74 2006 |
| 082 | 0 | 0 |
_a973.931 _222 |
| 100 | 1 |
_aGrey, Stephen, _d1968- |
|
| 245 | 1 | 0 |
_aGhost plane : _bthe true story of the CIA torture program / _cStephen Grey. |
| 250 | _a1st ed. | ||
| 260 |
_aNew York : _bSt. Martin's Press, _c2006. |
||
| 300 |
_axii, 372 p. : _bill., maps ; _c25 cm. |
||
| 500 | _aIncludes bibliographical references (p. [313]-364) and index. | ||
| 520 | _aInvestigative journalist Grey tells the inside story of international prisons sanctioned by the U.S. Government and used by the CIA to hold and torture people suspected of terrorism. He takes an unflinching look at a practice that scorns Geneva Convention rules and is powered by corruption at the highest levels of governments worldwide-- individuals abducted at airports around the world and transported for interrogation and torture on planes manned by CIA operatives. Using contacts deep inside the government, Grey paints a disturbing ethical picture of the war on terror as he reveals how deeply the Bush administration is involved in the program and questions the truth of statements made by Secretary of State Condoleeza Rice. He also shines a spotlight on the heads of European nations who turned a blind eye to the program when it showed up in their back yards.--From publisher description. | ||
| 610 | 1 | 0 |
_aUnited States. _bCentral Intelligence Agency. |
| 650 | 0 |
_aTorture _zUnited States _xHistory. |
|
| 650 | 0 |
_aIntelligence service _zUnited States. |
|
| 856 | 4 | 2 |
_3Contributor biographical information _uhttp://www.loc.gov/catdir/enhancements/fy0701/2006048347-b.html |
| 856 | 4 | 2 |
_3Publisher description _uhttp://www.loc.gov/catdir/enhancements/fy0701/2006048347-d.html |
| 856 | 4 | 1 |
_3Sample text _uhttp://www.loc.gov/catdir/enhancements/fy1001/2006048347-s.html |
| 906 |
_a7 _bcbc _corignew _d1 _eocip _f20 _gy-gencatlg |
||
| 942 |
_2ddc _cBK |
||
| 999 |
_c15446 _d15446 |
||